000 00564nam a2200193Ia 4500
005 20250508160029.0
008 008 250505s9999 xx 000 0 eng d
037 _aBooks to be hide in OPAC
040 _aFEDL
_beng
_cFEDL
041 _aeng
_2eng
084 _a379.429, WAL/O
_qFEDL
245 0 _aEducational administration in wales
245 0 _cMinistry of Education
260 _aLondon, UK
_bHis Majesty's Stationery Office
_c1948
300 _a54p.
546 _aWeeded out
942 _cHB
_h379.429, WAL/O
999 _c1361220
_d1361220